Top 25 NBA 2K22 Ratings - Statistics

General Stats
  • This quiz has been taken 112 times
  • The average score is 19 of 25
Answer Stats
Hint Answer % Correct
96 LeBron James
100%
96 Kevin Durant
97%
96 Nikola Jokic
97%
96 Stephen Curry
97%
97 Giannis Antetokounmpo
95%
95 Luka Doncic
93%
92 James Harden
90%
96 Joel Embiid
89%
91 Devin Booker
84%
92 Anthony Davis
82%
92 Kyrie Irving
82%
92 Jimmy Butler
80%
90 Jayson Tatum
78%
95 Kawhi Leonard
77%
90 Chris Paul
75%
90 Damian Lillard
74%
93 Ja Morant
72%
88 Paul George
68%
90 Trae Young
68%
89 Karl-Anthony Towns
64%
89 Zion Williamson
62%
90 DeMar DeRozan
61%
88 Shai Gilgeous-Alexander
57%
88 Zach LaVine
57%
88 Darius Garland
24%
No matching quizzes found
Score Distribution
Percent of People with Each Score
Percentile by Number Answered
Your Score History
You have not taken this quiz